Normal view
MARC view
- Wickert, Jonathan A.
Entry Personal Name
001 - CONTROL NUMBER
- control field: 26042
003 - CONTROL NUMBER IDENTIFIER
- control field: NUST
005 - DATE AND TIME OF LATEST TRANSACTION
- control field: 20191122100052.0
008 - FIXED-LENGTH DATA ELEMENTS
- fixed length control field: 191122|| aca||aabn | a|a d
040 ## - CATALOGING SOURCE
- Original cataloging agency: NUST
- Transcribing agency: NUST
100 ## - HEADING--PERSONAL NAME
- Personal name: Wickert, Jonathan A.
- Fuller form of name: (Jonathan Adam)
670 ## - SOURCE DATA FOUND
- Source citation: Work cat.: (NUST)0: Wickert, Jonathan A. (Jonathan Adam), An introduction to mechanical engineering /, c2004.
